Memoria del Primer Festival político con enfoque de género /

שמור ב:
מידע ביבליוגרפי
מחבר ראשי: Vásquez Vargas, Sofía
פורמט: Texto
שפה:Spanish
יצא לאור: Friedrich Ebert Stiftung
תגים: הוספת תג
אין תגיות, היה/י הראשונ/ה לתייג את הרשומה!

MARC

LEADER 00000 a a2200000 04500
001 39540
003 cru CIDCACS/IIS
005 20170908164356.0
008 170908b xxu||||| |||| 00| 0 spa d
999 |c 11537  |d 11537 
040 |c CIDCACS/IIS 
090 |a 05.03.03 V393m  
100 |a Vásquez Vargas, Sofía  
245 |a Memoria del Primer Festival político con enfoque de género /   |c Sofía Vásquez Vargas 
260 |a Friedrich Ebert Stiftung  
300 |a 67 páginas 
942 |2 ddc  |c LI